Statistics for Band Names by Antonym

Click here to take the quiz!

General Stats

  • This quiz has been taken 39,233 times
  • The average score is 12 of 20

Answer Stats

AntonymsBand Name% Correct
KingQueen
99%
Private FriendPublic Enemy
87%
AA BottomZZ Top
86%
The WindowsThe Doors
85%
ZYYZABBA
83%
HotworkColdplay
76%
TelevisionfootRadiohead
74%
The CriminalsThe Police
74%
Thankless AliveGrateful Dead
68%
AntidotePoison
67%
Old ChaosNew Order
66%
Rise In GirlFall Out Boy
61%
Thingirl ChubbyFatboy Slim
60%
Don WinterDonna Summer
47%
Living NixonsDead Kennedys
43%
Sadness MultiplicationJoy Division
42%
The BranchesThe Roots
38%
We Definitely Are DwarfsThey Might Be Giants
31%
Obedient by NurtureNaughty by Nature
29%
Pacifist HommesViolent Femmes
20%

Score Distribution

Percentile by Number Answered

Percent of People with Each Score

Your Score History

You have not taken this quiz